Joueurs ASSE 2024/2025 - Statistiques

Statistiques générales
  • Ce quiz a été pris 585 fois
    48 depuis la dernière actualisation
  • Le résultat moyen est 19 sur 36
Statistiques - réponses
Poste Joueur % Correct
Gardien Larsonneur
100%
Attaquant Stassin
95%
Défenseur Nadé
84%
Défenseur Maçon
82%
Milieu Moueffek
82%
Milieu Tardieu
82%
Attaquant Davitashvili
80%
Gardien Maubleu
77%
Défenseur Appiah
75%
Milieu Bouchouari
73%
Défenseur Batubinsika
70%
Attaquant Cardona
70%
Défenseur Pétrot
68%
Attaquant Sissoko
68%
Milieu Old
64%
Défenseur Bernauer
59%
Attaquant Boakye
59%
Attaquant Nguessan
52%
Milieu Ekwah
48%
Défenseur Abdelhamid
45%
Milieu Miladinovic
45%
Milieu Mouton
45%
Défenseur Briançon
43%
Attaquant Wadji
43%
Milieu Fomba
41%
Défenseur Pédro
36%
Défenseur Cornud
34%
Milieu Amougou
27%
Milieu Fall
27%
Milieu Monconduit
25%
Attaquant Aiki
23%
Milieu Cafaro
23%
Défenseur Owusu
23%
Défenseur Nzuzi
16%
Attaquant Othman
14%
Milieu Sahraoui
11%
Aucun quiz correspondant
Distribution des résultats
% des personnes avec chaque résultat
Percentile par nombre de réponses
Votre historique - résultats
Vous n’avez pas pris ce quiz depuis la dernière actualisation